| 000 | 00850nam a2200217Ia 4500 | ||
|---|---|---|---|
| 999 |
_c58886 _d58886 |
||
| 003 | GCL | ||
| 005 | 20240530110136.0 | ||
| 008 | 140319s1986 ua 000 0 ara d | ||
| 040 |
_aGCL / _cGCL |
||
| 082 | 0 | 4 |
_a910/ _bف ج |
| 100 | 1 | _aفريمان، ت. و. | |
| 245 | 1 | 2 |
_aالجغرافيا فى مائة عام / _cتاليف ت. و. فريمان ؛ ترجمة عبدالعزيز طريح شرف |
| 260 |
_aالقاهرة : _bالهيئة المصرية العامة للكتاب ، _c1986. |
||
| 300 |
_a331 ص. ؛ _c24 سم. |
||
| 490 | 0 |
_aالالف كتاب الثانى ؛ _v4. |
|
| 650 | 0 | 7 |
_2qrmak _aالجغرافيا التاريخية |
| 650 | 0 | 7 |
_2qrmak _aالجغرافيا الاقتصادية |
| 650 | 0 | 7 |
_2qrmak _aالجغرافيا البشرية |
| 700 | 0 |
_aعبدالعزيز طريح شرف _eمترجم |
|
| 942 |
_2ddc _cBK |
||